| 000 | 00815nam a2200277 c 4500 | ||
|---|---|---|---|
| 003 | BLK | ||
| 005 | 20180420221039.0 | ||
| 008 | 180408b bul|||||r ||||||| ||bul|| | ||
| 010 | _aKNG00041296000 | ||
| 020 |
_a0-521-34750-5 _bиздат.: Cambridge Univ. Press |
||
| 040 | _aBLK | ||
| 041 |
_aENG _cENG |
||
| 080 |
_aГраматика _b81`36 _x _z81`36 |
||
| 100 | 1 |
_aRadford, Andrew _eпърви автор _921939 |
|
| 139 |
_aRadford, Andrew _b |
||
| 245 | 1 | 0 |
_aTransformational grammar _bA first course _cAndrew Radford. |
| 250 | _a[4. ed.] | ||
| 260 |
_аCambridge _bCambridge Univ. Press _c1992 |
||
| 300 |
_a625 c. _c23 cm |
||
| 490 | 1 | _aCambridge Textbooks in Linguistics | |
| 852 | _aЦб 173346 | ||
| 856 | 4 |
_qpdf _u |
|
| 856 | 4 |
_qpdf _u |
|
| 942 |
_cKNG _n0 |
||
| 944 |
_aCR _c15.01.2003 _kAB_DOS |
||
| 944 |
_aED _c15.01.2003 _k |
||
| 999 |
_c38103 _d38103 |
||